00828nam a2200241 i 450000100060000000300080000600500170001400800390003102000290007003500190009904000320011804100080015008200250015810000170018324500720020026000890027230000340036150400430039565100440043865100430048265100450052571000160057016579BD-RjUL20211209000027.0140213s1975 mdua b 001 0 eng a0801817560 :a0801817692 a(BD-RjUL)16634 aDLCcDLCdDLCdBD-RjULbeng aeng00a309.263096bLED 19751 aLele, Uma J.14aThe design of rural development :blessons from Africa /cUma Lele. aBaltimore :bPublished for the World Bank by Johns Hopkins University Press,cc1975. axii, 246 p. :bill. ;c23 cm. aBibliography: p. [227]-238. and index. 0aAfricaxRural conditionsxCase studies. 0aDeveloping countriesxEconomic policy. 0aDeveloping countriesxSocial conditions.2 aWorld Bank.